The Perfect Sequence II Quiz Stats

 Plays Quiz Updated May 15, 2019

Score 0/8 Timer 05:00
4 Plays Today
% Correct
STATEMENTS???
100%
3) Religion: One of Jesus' Twelve Apostles was called Philip???
15.2%
4) Science: The letter J is not used in the symbols of any chemical elements.???
15.2%
RESULT:???
15.1%
1) Geography: Oslo is further east than Berlin.???
15.1%
2) Gaming: In poker, a full house beats four of a kind.???
15.1%
5) Literature: In Harry Potter novels, the device for storing memories is called a Portkey.???
15.1%
6) History: Jimmy Carter was US President before Richard Nixon.???
15.1%

You're not logged in!

Compare scores with friends on all Sporcle quizzes.
OR
Log In

Sporcle TV

Today on Sporcle TV


Watch our educational content, quiz creation guides, and fun videos on Sporcle TV.

Show Comments

Extras

Top Quizzes Today


Score Distribution

Your Account Isn't Verified!

In order to create a playlist on Sporcle, you need to verify the email address you used during registration. Go to your Sporcle Settings to finish the process.

Report this User

Report this user for behavior that violates our Community Guidelines.

Details: